| 000 | 00706nam a2200193Ia 4500 | ||
|---|---|---|---|
| 003 | GCL | ||
| 008 | 140319s9999 xx 000 0 ara d | ||
| 040 |
_aGCL / _cGCL |
||
| 082 | 0 | 4 |
_a536.56 _bا ح |
| 100 | 1 | _aابوبكر صديق سالم | |
| 245 | 1 | 0 |
_aحساب الخواص الطبيعية للغازات والسوائل= ESTIMATION OF PHYSICAL PRPERTIES OF GASES AND LIQUIDS / _cابوبكر صديق سالم |
| 260 |
_a[S.N] : _bلجنة الاعلام والدراسات المستقبلية ، _c1991 |
||
| 300 | _a336 ص | ||
| 490 | _a | ||
| 650 | 0 | 4 | _aالكيمياء |
| 650 | 0 | 4 | _aالخصائص الكيميائية |
| 650 | 0 | 4 | _aالخواص الكيميائية |
| 942 |
_2ddc _cBK |
||
| 999 |
_c56278 _d56278 |
||